000 01149nam a22002297a 4500
005 20200104041629.0
008 170914s2011 ck a gr 00010 spa d
041 _aspa
044 _ack
082 0 4 _a577.38
_bV29r
100 1 _aVargas-Ríos, Orlando
_93724
245 1 0 _aReviviendo nuestros páramos :
_brestauración ecológica de páramos /
260 3 _a[Bogotá?] :
_bInstituto Alexander von Humboldt
_bProyecto Páramo Andino,
_c2011
300 _a183 p. :
_bil. ;
_c28 cm.
650 4 _aProtección del medio ambiente
_9271
650 4 _aRestauración ecológica
_xpáramos
_927178
650 4 _aEducación ambiental
_9162
942 _2ddc
_cLIBRO
_06
999 _c8713
_d8713